00462nam a2200181Ia 4500003000400000005001700004008004100021020001800062040000700080041000800087082002100095100003400116245006000150250000600210260004100216300001500257365000800272OSt20230329114935.0210423s2006 xx 000 0 und d a9780321615039 cAL aeng a536.7 223bENGT aENGEL (Thomas);REID (Philip). aThermodynamics statistical thermodynamics and kinetics. a2 aNew YorkbPHI Learning Pvt Ltdc2006 axv,602bHB cINR